000 00481nam a2200181Ia 4500
003 GCL
008 140319s9999 xx 000 0 ara d
040 _aGCL /
_cGCL
082 0 4 _a823.03
_bك ل
100 1 _aكونراد , جوزيف
245 1 0 _aلورد جيم /
_cكونراد , جوزيف
700 1 _aيوسف شاهين
300 _a376 ص
490 _aالالف كتاب
_v0
650 0 4 _aالادب الانجليزى
650 0 4 _aالقصص
942 _2ddc
_cBK
999 _c43940
_d43940